00545cam a22002171 4500001001300000003000400013005001700017008004100034010001700075035002000092040001800112042001200130050001500142100002000157245003500177260000900212300001900221504003100240651003900271999001700310ne 64003646 DLC20260227111809.0890904s1943 xx 000 0 ara  ane 64003646  a(OCoLC)23510645 aDLCcMiUdDLC apremarc00aH53.A5bK51 aKhüri, Ra'lf.13aal-Fikr al-'Arabi al-ḥadith. c1948 a289 p.c26 cm. aBibliographical footnotes. 0aArab countriesxIntellectual life. c47799d47799